| 000 | 00635nam a22001937a 4500 | ||
|---|---|---|---|
| 020 | _a9693532325 | ||
| 082 |
_a923.4 _bMAL |
||
| 100 | _aMalik, Fateh Muhammad, | ||
| 245 |
_aFaiz ka tasawur-e-inqilab / _cFateh Muhammad Malik. |
||
| 260 |
_a Lahore: _bSang-e-Meel Publications, _c2019. |
||
| 300 | _a125p. | ||
| 563 | _aHB | ||
| 650 |
_aUrdu poetry _9751 |
||
| 650 |
_aPolitics and literature _9129794 |
||
| 880 |
_6100-01\(3\r _aفیض کا تصورِ انقلاب / |
||
| 880 |
_6100-02\(3\r _aفتح محمد ملک۔ |
||
| 880 |
_6100-03\(3\r _aلاہور : _bسنگ میل پبلیکیشنز، _c2019. |
||
| 942 |
_2ddc _cBK |
||
| 999 |
_c614328 _d614328 |
||